000 02634cam a2200169 4500500
005 20251228092659.0
041 _afre
042 _adc
100 1 0 _aHarroff-Tavel, Marion
_eauthor
245 0 0 _aLa diplomatie humanitaire du comité international de la Croix-Rouge
260 _c2005.
500 _a55
520 _aLa diplomatie humanitaire du comité international de la Croix-RougeLa diplomatie humanitaire du CICR est une stratégie d’influence, dans un but humanitaire, mise en œuvre dans un réseau de relations suivies, bilatérales ou multilatérales, officielles ou informelles, avec les protagonistes de conflits armés et avec d’autres États, acteurs non étatiques ou membres de la société civile. Quelle est la spécificité du CICR en tant que sujet de droit international ? Quelle est la particularité de sa diplomatie humanitaire par rapport à la diplomatie étatique ? Comment ses délégués la conduisent-elle ? Après cette entrée en matière, l’auteur aborde les défis que l’évolution de la situation mondiale pose au CICR et la façon dont il y répond, qu’il s’agisse de l’évolution du rôle et du comportement des différents acteurs de la scène internationale, du choix par certains États d’une approche intégrée du politique, du militaire et de l’humanitaire ou encore de la révolution technologique de l’information.
520 _aLa diplomatie humanitaire du comité international de la Croix-RougeThe ICRC’s humanitarian diplomacy is a strategy for influencing the parties to armed conflict and other States, non-State actors and members of civil society. Its purpose is purely humanitarian and it is carried out through a network of sustained relationships – bilateral and multilateral, official and informal. The author begins by describing the ICRC’s specific features as a subject of international law and what is different about its humanitarian diplomacy (and the manner in which its delegates conduct it) when compared with the diplomacy of States. She then depicts the challenges with which our changing world is presenting the ICRC – the shifting roles and conduct of the various actors on the international stage ; the decision by some States to adopt an integrated approach in the political, military and humanitarian spheres ; the information-technology revolution – and what the organization is doing to meet those challenges.
786 0 _nRelations internationales | 121 | 1 | 2005-03-01 | p. 73-89 | 0335-2013
856 4 1 _uhttps://shs.cairn.info/revue-relations-internationales-2005-1-page-73?lang=fr&redirect-ssocas=7080
999 _c1603505
_d1603505